<?xml version="1.0" encoding="UTF-8"?>
<resp>
  <nextPage>https://data.bn.org.pl/api/networks/bibs.marcxml?marc=001+b00001150003400&amp;sinceId=1150003401</nextPage>
  <collection>
    <record xmlns='http://www.loc.gov/MARC21/slim'><leader>01049namZa2200337ZiZ4500</leader><controlfield tag='001'>b00001150003400</controlfield><controlfield tag='005'>20241203214137.9</controlfield><controlfield tag='008'>230609s        pl           |000 0 pol c</controlfield><controlfield tag='009'>9913261521205606</controlfield><datafield ind1=' ' ind2=' ' tag='020'><subfield code='a'>8323722663</subfield></datafield><datafield ind1=' ' ind2=' ' tag='035'><subfield code='a'>KR_1KR_1_20120317231510052210-48omnis_kr</subfield></datafield><datafield ind1=' ' ind2=' ' tag='035'><subfield code='a'>KR_1_20120317231510052210</subfield><subfield code='9'>ExL</subfield></datafield><datafield ind1=' ' ind2=' ' tag='035'><subfield code='a'>(PL)b00001150003400</subfield></datafield><datafield ind1=' ' ind2=' ' tag='040'><subfield code='a'>KR_1</subfield><subfield code='c'>KR_1</subfield></datafield><datafield ind1='1' ind2=' ' tag='041'><subfield code='a'>pol</subfield><subfield code='b'>eng</subfield></datafield><datafield ind1='1' ind2=' ' tag='100'><subfield code='a'>Adamson, Jean</subfield></datafield><datafield ind1='1' ind2='0' tag='245'><subfield code='a'>Tosia i Tymek zapraszają na urodziny /</subfield><subfield code='c'>Jean i Gareth Adamson ; tekst polski Wanda Chotomska.</subfield></datafield><datafield ind1=' ' ind2=' ' tag='260'><subfield code='a'>W-wa :</subfield><subfield code='b'>Egmont Polska,</subfield><subfield code='c'>cop. 2007.</subfield></datafield><datafield ind1=' ' ind2=' ' tag='300'><subfield code='a'>28 s. :</subfield><subfield code='b'>il. kolor. ;</subfield><subfield code='c'>18 cm.</subfield></datafield><datafield ind1='1' ind2=' ' tag='490'><subfield code='a'>Tosia i Tymek.</subfield></datafield><datafield ind1=' ' ind2=' ' tag='500'><subfield code='a'>d</subfield></datafield><datafield ind1=' ' ind2='9' tag='650'><subfield code='a'>Literatura dziecięca angielska</subfield><subfield code='y'>20 w.</subfield></datafield><datafield ind1='1' ind2=' ' tag='700'><subfield code='a'>Adamson, Gareth.</subfield></datafield><datafield ind1='1' ind2=' ' tag='700'><subfield code='a'>Chotomska, Wanda.</subfield><subfield code='e'>Tł.</subfield></datafield><datafield ind1=' ' ind2=' ' tag='852'><subfield code='b'>48OMNIS_NETWORK</subfield><subfield code='8'>9913261521205606</subfield></datafield><datafield ind1=' ' ind2=' ' tag='852'><subfield code='b'>48OMNIS_KR</subfield><subfield code='8'>991000033989708216</subfield></datafield><datafield ind1=' ' ind2=' ' tag='920'><subfield code='a'>83-237-2266-3</subfield></datafield></record>
  </collection>
</resp>
